000 00281 a2200109 4500
001 ART_38600
005 20260410162011.0
008 260409a
245 1 0 _aFe y compromiso
100 1 _aCoppa, Carlos
773 0 _tAnuario
_g- NÂș 4 (ene./dic. 2000)
_wREV38525
999 _c32228
_d32228